Statistics for All Mobs in Minecraft 1.20

Click here to take the quiz!

General Stats

  • This quiz has been taken 15 times
  • The average score is 42 of 77

Answer Stats

HintAnswer% Correct
HostileSkeleton
92%
HostileZombie
92%
PassiveChicken
85%
PassiveCow
85%
BossEnder Dragon
85%
PassiveHorse
85%
PassivePig
85%
HostilePillager
85%
NeutralSpider
85%
NeutralEnderman
77%
NeutralPiglin
77%
BossWither
77%
HostileWither Skeleton
77%
HostileEndermite
69%
HostileGhast
69%
NeutralHoglin
69%
PassiveSheep
69%
PassiveSkeleton Horse
69%
PassiveTropical Fish
69%
PassiveVillager
69%
BossWarden
69%
PassiveAxolotl
62%
NeutralBee
62%
HostileBlaze
62%
PassiveCat
62%
PassiveCod
62%
PassiveCod
62%
HostileCreeper
62%
NeutralDolphin
62%
PassiveDonkey
62%
HostileGuardian
62%
UtilityIron Golem
62%
NeutralLlama
62%
NeutralPufferfish
62%
PassiveRabbit
62%
NeutralSilverfish
62%
PassiveSquid
62%
NeutralWolf
62%
NeutralZombie Pigman
62%
PassiveAllay
54%
HostileCave Spider
54%
PassiveFox
54%
PassiveFrog
54%
PassiveMule
54%
PassiveOcelot
54%
NeutralPanda
54%
UtitlitySnow Golem
54%
HostileWitch
54%
PassiveBat
46%
PassiveCamel
46%
NeutralGoat
46%
HostileHusk
46%
HostileShulker
46%
PassiveTurtle
46%
HostileVex
46%
HostileVindicator
46%
HostileZombie Villager
46%
PassiveDog
38%
HostileDrowned
38%
HostileElder Guardian
38%
HostilePiglin Brute
38%
NeutralPolar Bear
38%
PassiveWandering Trader
38%
HostileMagma Cube
31%
PassiveMooshroom
31%
PassiveParrot
31%
HostileRavager
31%
HostileSpider Jockey
31%
PassiveTadpole
31%
HostilePhantom
23%
NeutralSlime
23%
NeutralTrader Llama
23%
HostileChicken Jockey
15%
HostileSkeleton Horseman
15%
PassiveBrown Mooshroom
0%
HostileCharged Creeper
0%
HostilePillager Captain
0%

Score Distribution

Percentile by Number Answered

Percent of People with Each Score

Your Score History

You have not taken this quiz